| 000 | 00392nam a22001457a 4500 | ||
|---|---|---|---|
| 005 | 20170120113906.0 | ||
| 008 | 170120b xxu||||| |||| 00| 0 eng d | ||
| 050 | _aRA644.A25U66 | ||
| 100 |
_aUNICEF _928426 |
||
| 245 |
_aUpenyu kuine HIV ne AIDS _cby UNICEF |
||
| 260 |
_aHarare _bUNICEF _c1994 |
||
| 300 |
_a57p.; _c21cm. |
||
| 650 |
_aAIDS (Disease) _928427 |
||
| 942 |
_2lcc _cMONOGRAPH |
||
| 999 |
_c125990 _d125990 |
||